000
00284 a2200133 4500
001
48048
040
_c
Anchieta - Aquarius
100
_a
Alencar, José de
240
1
0
_a
Cinco Minutos
_l
por
245
1
0
_a
Cinco Minutos
300
_a
38
650
4
_a
Literatura brasileira
942
_c
BK
999
_c
48048
_d
48048